00774nam a2200205Ia 4500008004100000040001800041041000800059100004400067245010200111260005600213300005000269500003800319504005400357650003000411650003400441650003100475650001800506650001900524700002500543130821s1970 xxua gr eng  aCo-BoUCMbspa00aeng1 aChapman, D. G.q(Douglas George)d1920-10aElementary probability models and statistical inferencecDouglas G. Chapman y Ronald A. Schaufele aWaltham (Massachussets, Estados Unidos)bGinnc1970 axix, 358 páginasbilustraciones, gráficas aDonación Dr. Álvaro Daza Roa. aIncluye referencias bibliográficas e índices.04aAnálisis de regresión04aCorrelación (Estadística)04aEstadística matemática04aMatemáticas04aProbabilidades1 aSchaufele, Ronald A.